
Library Catalogue

| 000 -LEADER | |
|---|---|
| fixed length control field | 00511nam a2200181Ia 4500 |
| 005 - DATE AND TIME OF LATEST TRANSACTION | |
| control field | 20260408075256.0 |
| 008 - FIXED-LENGTH DATA ELEMENTS--GENERAL INFORMATION | |
| fixed length control field | 160316s1989 xxu||||| |||| 00| 0 eng d |
| 082 ## - DEWEY DECIMAL CLASSIFICATION NUMBER | |
| Classification number | 301 JAY |
| 100 ## - MAIN ENTRY--PERSONAL NAME | |
| Personal name | Jayaram, N. |
| 245 ## - TITLE STATEMENT | |
| Title | Sociology : methods and theories / |
| Statement of responsibility, etc. | N. Jayaram |
| 260 ## - PUBLICATION, DISTRIBUTION, ETC. | |
| Place of publication, distribution, etc. | Chennai : |
| Name of publisher, distributor, etc. | Macmillan Press, |
| Date of publication, distribution, etc. | 1989. |
| 300 ## - PHYSICAL DESCRIPTION | |
| Extent | 100 p. ; |
| Dimensions | 23 cm. |
| 365 ## - TRADE PRICE | |
| Price amount | Rs.88 |
| 505 ## - FORMATTED CONTENTS NOTE | |
| Formatted contents note | Chapter 1: Sociological methods<br/>Chapter 2: Sociological theories |
| 650 ## - SUBJECT ADDED ENTRY--TOPICAL TERM | |
| Topical term or geographic name entry element | Sociology |
| 700 ## - ADDED ENTRY--PERSONAL NAME | |
| Personal name | |
| -- | |
| 942 ## - ADDED ENTRY ELEMENTS (KOHA) | |
| Source of classification or shelving scheme | Dewey Decimal Classification |
| Koha item type | BOOKs |
| Withdrawn status | Lost status | Damaged status | Not for loan | Home library | Current library | Shelving location | Date acquired | Cost, normal purchase price | Total Checkouts | Full call number | Barcode | Date last seen | Price effective from | Koha item type | Public note | Date last checked out |
|---|---|---|---|---|---|---|---|---|---|---|---|---|---|---|---|---|
| . | . | NAB Compactor | 30.05.2017 | 88.00 | 301 JAY-1 | 13089 | 30.05.2017 | 30.05.2017 | BOOKs | |||||||
| . | . | Library Compactors | 30.05.2017 | 88.00 | 301 JAY-2 | 13090 | 30.05.2017 | 30.05.2017 | BOOKs | |||||||
| . | . | 30.05.2017 | 88.00 | 301 JAY-3 | 13091 | 14.06.2024 | 30.05.2017 | BOOKs | ||||||||
| . | . | 30.05.2017 | 88.00 | 301 JAY-4 | 13092 | 30.05.2017 | 30.05.2017 | BOOKs | ||||||||
| . | . | 30.05.2017 | 88.00 | 301 JAY-5 | 13093 | 14.06.2024 | 30.05.2017 | BOOKs | PAMPHLET TYPE | |||||||
| . | . | NAB Compactor | 30.05.2017 | 88.00 | 1 | 301 JAY-6 | 13094 | 05.09.2022 | 30.05.2017 | BOOKs | 01.09.2022 | |||||
| . | . | NAB Compactor | 30.05.2017 | 88.00 | 301 JAY-7 | 13095 | 30.05.2017 | 30.05.2017 | BOOKs | |||||||
| . | . | Library Compactors | 30.05.2017 | 88.00 | 301 JAY-8 | 13096 | 30.05.2017 | 30.05.2017 | BOOKs | |||||||
| . | . | NAB Compactor | 30.05.2017 | 88.00 | 301 JAY-9 | 13097 | 30.05.2017 | 30.05.2017 | BOOKs | |||||||
| . | . | Library Compactors | 30.05.2017 | 88.00 | 301 JAY-10 | 13098 | 30.05.2017 | 30.05.2017 | BOOKs |